Χρήση ηλιακής ενέργειας στον αερισμό υγρών αποβλήτων : μια πολιτική εφαρμογή : πτυχιακή εργασία

Αποθηκεύτηκε σε:
Λεπτομέρειες βιβλιογραφικής εγγραφής
Κύριος συγγραφέας: Πούλιου, Θεοδώρα
Συγγραφή απο Οργανισμό/Αρχή: Πανεπιστήμιο Αιγαίου. Σχολή Περιβάλλοντος. Τμήμα Περιβάλλοντος
Άλλοι συγγραφείς: Χαραλαμπόπουλος, Δίας (Εισηγητής διατριβής), Παρασκευάς, Παναγιώτης (Εισηγητής διατριβής), Λέκκας, Θεμιστοκλής Δ. (Εισηγητής διατριβής)
Μορφή: Thesis Βιβλίο
Γλώσσα:Greek
Δημοσίευση: Μυτιλήνη : Πανεπιστήμιο Αιγαίου, Τμήμα Περιβάλλοντος, 2001
Θέματα:
Διαθέσιμο Online:http://hdl.handle.net/11610/10268
Ετικέτες: Προσθήκη ετικέτας
Δεν υπάρχουν, Καταχωρήστε ετικέτα πρώτοι!

MARC

LEADER 00000cam a2200000 i 4500
001 1/80234
008 050707s2001 gre d
035 |l 10078973 
040 |a GR-MY-UA  |b gre  |e aacr 
041 0 |a gre 
082 0 |a 628.5  |2 (22) 
100 1 |a Πούλιου, Θεοδώρα. 
245 1 0 |a Χρήση ηλιακής ενέργειας στον αερισμό υγρών αποβλήτων :  |b μια πολιτική εφαρμογή : πτυχιακή εργασία /  |c Πούλιου Θεοδώρα ; υπευθυνοι καθηγητές Θ. Λέκκας, Δίας Χαραλαμπόπουλος, Π. Παρασκευάς 
260 |a Μυτιλήνη :   |b Πανεπιστήμιο Αιγαίου, Τμήμα Περιβάλλοντος,   |c 2001 
300 |a 160 σ.;  |b εικ., σχ. διαγρ.;  |c 30 εκ. 
502 |a Πτυχιακή εργασία – Πανεπιστήμιο Αιγαίου, Λέσβος, 2001. 
504 |a Βιβλιογραφία: 145-148 
650 0 0 |a Sewage  |x Purification  |x Aeration. 
650 0 0 |a Solar energy  |x Research. 
650 0 0 |a Dissertations, Academic  |z Greece. 
700 1 |a Χαραλαμπόπουλος, Δίας.  |4 ths 
700 1 |a Παρασκευάς, Παναγιώτης.  |4 ths 
700 1 |4 ths  |a Λέκκας, Θεμιστοκλής Δ. 
710 2 |a Πανεπιστήμιο Αιγαίου.   |b Σχολή Περιβάλλοντος.   |b Τμήμα Περιβάλλοντος. 
852 |a INST  |b LESVOS  |c DIATR  |e 20050728  |h 711  |p 005100031601  |q 005100031601  |t DIE  |y 23 
852 |a INST  |b LESVOS  |c DIATR  |e 20050707  |h 712  |p 005100031602  |q 005100031602  |t DIE  |y 23 
856 |u http://hdl.handle.net/11610/10268 
901 |a BIBL1-2005-2 
909 |a Λ  |b 100835 
909 |a Λ  |b 100836 
924 |a ΠΟΥΛΙΟΥ  |b ΘΕΟΔΩΡΑ  |y ΛΕΣΒΟΣ  |z 2002-02 
970 |a ΜΑΡΙΝΑΤΟΥ  |b ΜΥΡΣΙΝΗ  |z 2005/07/07